The Struggle of muslim women

Bibliographic Details
Main Author: Kaukab Siddique
Format: Book
Published: Singapore : Thinker's Library Pte.Ltd. , 1981
Subjects:

MARC

LEADER 00000cam a2200000 7i4500
001 0000008916
002 000009716
005 20000330.0
020 |a 9971957531 
090 0 0 |a 297.8   |b KAU 
100 0 |a Kaukab Siddique   |f Dr 
245 1 4 |a The Struggle of muslim women   |c Dr.Kaukab Siddique 
260 |a Singapore :   |b Thinker's Library Pte.Ltd. ,   |c 1981 
300 |a 156p. ;   |c 19cm. 
650 0 0 |a Islam   |x Customs and practices 
650 0 0 |a Women   |x Legal status, law, etc. 
999 |a 018126   |b BUKU   |c PINJAMAN   |e PERPUSTAKAAN KOMUNITI PETALING JAYA